| 000 | 00779cam a22002411 4500 | ||
|---|---|---|---|
| 001 | sg 44000219 | ||
| 003 | DLC | ||
| 005 | 20260227112743.0 | ||
| 008 | 770804s1944 xx 000 0 eng c | ||
| 010 | _asg 44000219 | ||
| 035 | _a(OCoLC)3162200 | ||
| 040 |
_aU. S. Surg. gen. off. Libr. _cOC _dOCoLC _dDLC |
||
| 042 | _apremarc | ||
| 050 | 0 | 0 |
_aRC79 _b.K8 1944 |
| 082 | _a610.2 | ||
| 100 | 1 |
_aKayy, W. H. _q(William Howard), _d1908- |
|
| 245 | 1 | 0 |
_aMedical state and national board summary, _cby William H. Kupper, M. D. |
| 260 |
_aPaterson, N.J., _bThe Colt press, _c1944. |
||
| 300 |
_axiii, 369, [1] p. _billus., diagrs. _c24 cm. |
||
| 500 | _a"Revised second edition." | ||
| 504 | _a"Recommended textbooks": p. x-xi. | ||
| 650 | 0 |
_aMedicine _xExaminations, questions, etc. |
|
| 999 |
_c90449 _d90449 |
||